All Calder Memorial Trophy Winners (Since 1980) - Statistics

General Stats
  • This quiz has been taken 21 times
    7 since last reset
  • The average score is 18 of 39
Answer Stats
Hint Player % Correct
2006 Alex Ovechkin
83%
2007 Evgeni Malkin
83%
1992 Pavel Bure
83%
2004 Andrew Raycroft
67%
2017 Auston Matthews
67%
1989 Brian Leetch
67%
1988 Joe Nieuwendyk
67%
1995 Peter Forsberg
67%
1980 Ray Bourque
67%
1998 Sergei Samsonov
67%
2015 Aaron Ekblad
50%
2016 Artemi Panarin
50%
1999 Chris Drury
50%
1996 Daniel Alfredsson
50%
2002 Dany Heatley
50%
1987 Luc Robitaille
50%
1985 Mario Lemieux
50%
2018 Mathew Barzal
50%
2008 Patrick Kane
50%
1990 Sergei Makarov
50%
2003 Barret Jackman
33%
1997 Bryan Berard
33%
1982 Dale Hawerchuk
33%
2012 Gabriel Landeskog
33%
1986 Gary Suter
33%
2011 Jeff Skinner
33%
2013 Jonathan Huberdeau
33%
2005 Lockout
33%
1994 Martin Brodeur
33%
2014 Nathan MacKinnon
33%
1981 Peter Stastny
33%
2000 Scott Gomez
33%
1983 Steve Larmer
33%
2009 Steve Mason
33%
1993 Teemu Selanne
33%
1984 Tom Barrasso
33%
1991 Ed Belfour
17%
2001 Evgeni Nabokov
17%
2010 Tyler Myers
17%
No matching quizzes found
Score Distribution
Percent of People with Each Score
Percentile by Number Answered
Your Score History
You have not taken this quiz since the last reset